[Event "Athens Acropolis op"]
[Site "Athens"]
[Date "2008.08.16"]
[Round "8"]
[White "Sergeev, A."]
[Black "Fakhiridou, Ekaterini"]
[Result "1-0"]
[WhiteElo "2354"]
[BlackElo "2274"]
[PlyCount "143"]
[EventDate "2008.08.09"]
[EventType "swiss"]
[EventRounds "9"]
[EventCountry "GRE"]
[SourceTitle "CBM 125 Extra"]
[Source "ChessBase"]
[SourceDate "2008.09.01"]
[SourceVersion "1"]
[SourceVersionDate "2008.09.01"]
[SourceQuality "1"]

1. e4 c5 2. Nf3 e6 3. c3 d5 4. exd5 Qxd5 5. d4 Nf6 6. Be2 cxd4 7. cxd4 Bb4+ 8. Nc3 0-0 9. 0-0 Bxc3 10. bxc3 Nc6 11. c4 Qd6 12. Qd3 Re8 13. Ba3 Qf4 14. Rfe1 Bd7 15. g3 Qh6 16. Nh4 g5 17. Nf3 g4 18. Ne5 Qg5 19. f4 gxf3 20. Bxf3 Red8 21. Bc1 Qg7 22. Bf4 Be8 23. Nxc6 Bxc6 24. Be5 Qg5 25. h4 Qh6 26. Rf1 Nd7 27. Bf4 Qg7 28. d5 Ne5 29. Bxe5 Qxe5 30. Bg2 exd5 31. Rae1 Qd6 32. Qf5 Qxg3 33. Qxf7+ Kh8 34. Re7 Qg6 35. h5 Qxf7 36. Rfxf7 h6 37. Rh7+ Kg8 38. Reg7+ Kf8 39. Rc7 Kg8 40. Rcg7+ Kf8 41. Rc7 Kg8 42. Rxh6 dxc4 43. Bxc6 bxc6 44. Rhxc6 Rab8 45. Rxc4 Rb2 46. Rc8 Rb8 47. Rxb8 Rxb8 48. a4 Rb7 49. Kf2 Kg7 50. Rc6 Re7 51. Ra6 Kh7 52. Kf3 Kg7 53. Kf4 Kh7 54. Kf5 Rg7 55. Ra5 Kh6 56. Kf6 Rb7 57. Ke6 Rc7 58. Kd6 Rf7 59. Kc6 Re7 60. Rd5 Re4 61. a5 Rb4 62. Rb5 Rf4 63. Kb7 Rf7+ 64. Ka6 Re7 65. Rd5 Rf7 66. Rb5 Re7 67. Rb7 Re6+ 68. Kxa7 Kxh5 69. Rb5+ Kg4 70. a6 Rh6 71. Kb7 Rh7+ 72. Kb6 1-0

[Event "Athens Acropolis op"]
[Site "Athens"]
[Date "2008.08.09"]
[Round "1"]
[White "Grapsa, Georgia"]
[Black "Sergeev, A."]
[Result "0-1"]
[WhiteElo "2104"]
[BlackElo "2354"]
[PlyCount "78"]
[EventDate "2008.08.09"]
[EventType "swiss"]
[EventRounds "9"]
[EventCountry "GRE"]
[SourceTitle "CBM 125 Extra"]
[Source "ChessBase"]
[SourceDate "2008.09.01"]
[SourceVersion "1"]
[SourceVersionDate "2008.09.01"]
[SourceQuality "1"]

1. d4 d5 2. c4 c6 3. Nf3 Nf6 4. Nc3 dxc4 5. g3 b5 6. Bg2 Bb7 7. Ne5 Qb6 8. 0-0 e6 9. e4 Bb4 10. Be3 0-0 11. Ng4 Nbd7 12. a4 a5 13. d5 Bc5 14. dxc6 Bxc6 15. axb5 Bxb5 16. e5 Nxg4 17. Bxc5 Nxc5 18. Bxa8 Nxe5 19. Bg2 Ned3 20. Nxb5 Qxb5 21. Qc2 Rb8 22. Rfb1 Nb3 23. Ra3 Qc5 24. Ra4 Nd4 25. Qd2 Rb5 26. h4 h6 27. Kh2 Nf5 28. Bf1 Ne5 29. Qe2 g6 30. Bg2 h5 31. Rf1 Nd4 32. Qe4 Kg7 33. Ra2 Ng4+ 34. Kg1 Nf5 35. Ra3 Rxb2 36. Rf3 Rb3 37. Rc1 Nxg3 38. Rxc4 Nxe4 39. Rxc5 Nxc5 0-1

[Event "Irkutsk City-ch"]
[Site "Irkutsk"]
[Date "2007.10.13"]
[Round "9"]
[White "Sergeev, A."]
[Black "Burdyko, Alexander"]
[Result "1-0"]
[WhiteElo "2331"]
[BlackElo "2043"]
[PlyCount "108"]
[EventDate "2007.09.16"]
[EventType "swiss"]
[EventRounds "9"]
[EventCountry "RUS"]
[SourceTitle "EXT 2009"]
[Source "ChessBase"]
[SourceDate "2008.11.26"]
[SourceVersion "1"]
[SourceVersionDate "2008.11.26"]
[SourceQuality "1"]

1. d4 d5 2. c4 c6 3. Nc3 Nf6 4. Nf3 dxc4 5. a4 Bf5 6. e3 e6 7. Bxc4 Bb4 8. 0-0 0-0 9. h3 h6 10. Qb3 Qe7 11. Ne5 Nbd7 12. Nxd7 Nxd7 13. Na2 c5 14. Nxb4 cxb4 15. a5 b6 16. Bd2 Rfc8 17. Bxb4 Qh4 18. Bd3 bxa5 19. Bxf5 exf5 20. Rxa5 f4 21. Rf5 Nf6 22. Be7 Rab8 23. Bxf6 Qxf6 24. Rxf6 Rxb3 25. Rxf4 Rxb2 26. Ra1 Ra8 27. Rf5 a6 28. Rfa5 Rb6 29. Kf1 Kf8 30. Ke2 Ke7 31. Kd3 Rb2 32. R1a2 Rxa2 33. Rxa2 Kd6 34. e4 f6 35. f4 a5 36. Ra4 g5 37. g3 Rb8 38. e5+ fxe5 39. fxe5+ Ke7 40. Rxa5 Rb3+ 41. Ke4 Rxg3 42. Ra7+ Kf8 43. Kd5 Rxh3 44. Ke6 g4 45. d5 Rd3 46. d6 Rf3 47. d7 Rd3 48. Ra8+ Kg7 49. d8Q Rxd8 50. Rxd8 Kg6 51. Rg8+ Kh5 52. Kf5 Kh4 53. Rxg4+ Kh5 54. Rg1 Kh4 1-0

[Event "Irkutsk City-ch"]
[Site "Irkutsk"]
[Date "2007.09.29"]
[Round "5"]
[White "Petrov, Petr"]
[Black "Sergeev, A."]
[Result "1-0"]
[WhiteElo "2325"]
[BlackElo "2331"]
[PlyCount "80"]
[EventDate "2007.09.16"]
[EventType "swiss"]
[EventRounds "9"]
[EventCountry "RUS"]
[SourceTitle "EXT 2009"]
[Source "ChessBase"]
[SourceDate "2008.11.26"]
[SourceVersion "1"]
[SourceVersionDate "2008.11.26"]
[SourceQuality "1"]

1. d4 d5 2. Nf3 Nf6 3. c4 c6 4. Nc3 e6 5. Bg5 Nbd7 6. e3 Qa5 7. Bxf6 Nxf6 8. Nd2 Bb4 9. Qc2 0-0 10. Bd3 dxc4 11. Nxc4 Qh5 12. 0-0 Nd5 13. Ne2 f6 14. a3 Be7 15. b4 Kh8 16. e4 Nc7 17. Rae1 e5 18. Ng3 Qg5 19. Nf5 Bxf5 20. exf5 Nd5 21. dxe5 Nf4 22. g3 Rad8 23. Be4 fxe5 24. Kh1 Nh3 25. Bg2 Qh6 26. f4 exf4 27. Rxe7 fxg3 28. Bxh3 Qxh3 29. Qg2 Qh4 30. Qxg3 Qxe7 31. Ne5 Qf6 32. h4 Rd5 33. Ng4 Qd4 34. Kh2 h5 35. Ne3 Qb2+ 36. Kh3 Rdd8 37. Qf3 Qe5 38. Qxh5+ Kg8 39. Rf3 Rd2 40. Ng4 Rd6 1-0

[Event "RUS-ch sf Urals 60th"]
[Site "Nizhnij Tagil"]
[Date "2007.03.21"]
[Round "8"]
[White "Gajsin, Evgenij"]
[Black "Sergeev, A."]
[Result "1-0"]
[WhiteElo "2456"]
[BlackElo "2333"]
[PlyCount "41"]
[EventDate "2007.03.14"]
[EventType "swiss"]
[EventRounds "9"]
[EventCountry "RUS"]
[SourceTitle "CBM 117 Extra"]
[Source "ChessBase"]
[SourceDate "2007.05.09"]
[SourceVersion "1"]
[SourceVersionDate "2007.05.09"]
[SourceQuality "1"]

1. e4 e5 2. Nf3 Nf6 3. Nxe5 d6 4. Nf3 Nxe4 5. d4 d5 6. Bd3 Nc6 7. 0-0 Be7 8. c4 Nf6 9. h3 Nb4 10. Be2 Bf5 11. Na3 0-0 12. cxd5 Nfxd5 13. Bd2 Bf6 14. Qb3 a5 15. Rac1 c6 16. Ne5 Re8 17. Nac4 b5 18. Bf3 Bd7 19. Nd6 Re7 20. a3 Qb8 21. Ndxf7 1-0

[Event "RUS-ch sf Urals 60th"]
[Site "Nizhnij Tagil"]
[Date "2007.03.19"]
[Round "6"]
[White "Sergeev, A."]
[Black "Kuznetsov, Vadim"]
[Result "1-0"]
[WhiteElo "2333"]
[BlackElo "2224"]
[PlyCount "83"]
[EventDate "2007.03.14"]
[EventType "swiss"]
[EventRounds "9"]
[EventCountry "RUS"]
[SourceTitle "CBM 117 Extra"]
[Source "ChessBase"]
[SourceDate "2007.05.09"]
[SourceVersion "1"]
[SourceVersionDate "2007.05.09"]
[SourceQuality "1"]

1. e4 d5 2. exd5 Nf6 3. c4 e6 4. dxe6 Bxe6 5. Nf3 Qe7 6. Be2 Bxc4 7. d3 Ba6 8. 0-0 Nc6 9. Nc3 Qd7 10. d4 Bxe2 11. Qxe2+ Be7 12. Ne5 Nxe5 13. dxe5 Nd5 14. Nxd5 Qxd5 15. Rd1 Qe6 16. Qb5+ c6 17. Qxb7 0-0 18. Be3 Rfb8 19. Qd7 Rxb2 20. Bxa7 Qxd7 21. Rxd7 Kf8 22. g3 Ke8 23. Rc7 Bd8 24. Bd4 Rd2 25. Ra7 Rxa7 26. Bxa7 Ba5 27. a4 Kd7 28. Rc1 Bc7 29. f4 Kc8 30. Rc4 Kb7 31. Bf2 Ra2 32. g4 g5 33. Re4 gxf4 34. Rxf4 Bxe5 35. Rxf7+ Kc8 36. Rxh7 Rxa4 37. h3 Kd8 38. Bh4+ Kc8 39. Be7 Ra2 40. g5 Kd7 41. Bf6+ Ke6 42. Re7+ 1-0

[Event "RUS-ch sf Urals 60th"]
[Site "Nizhnij Tagil"]
[Date "2007.03.16"]
[Round "3"]
[White "Sorokin, Maxim"]
[Black "Sergeev, A."]
[Result "1/2-1/2"]
[WhiteElo "2547"]
[BlackElo "2333"]
[PlyCount "100"]
[EventDate "2007.03.14"]
[EventType "swiss"]
[EventRounds "9"]
[EventCountry "RUS"]
[SourceTitle "CBM 117 Extra"]
[Source "ChessBase"]
[SourceDate "2007.05.09"]
[SourceVersion "1"]
[SourceVersionDate "2007.05.09"]
[SourceQuality "1"]

1. e4 e5 2. Nf3 Nc6 3. Bb5 Nf6 4. 0-0 Nxe4 5. d4 Nd6 6. Bxc6 dxc6 7. dxe5 Nf5 8. Qxd8+ Kxd8 9. Nc3 Bd7 10. Bg5+ Kc8 11. Rad1 h6 12. Bc1 Be7 13. h3 a5 14. Rfe1 a4 15. a3 b5 16. Ne2 c5 17. Nc3 Bc6 18. Nd5 Kb7 19. Nxe7 Nxe7 20. Nh2 Rad8 21. Be3 Kb6 22. f4 Nf5 23. Bf2 Nd4 24. Rd2 Ne6 25. Be3 Rxd2 26. Bxd2 Rd8 27. Nf1 g5 28. fxg5 hxg5 29. Kf2 Rd4 30. Re3 b4 31. Rg3 bxa3 32. bxa3 Bb5 33. c3 Re4 34. Rf3 Re2+ 35. Kg3 Bc6 36. Rf2 Rxf2 37. Kxf2 Kb5 38. Ne3 Nf4 39. c4+ Kb6 40. Kg3 Be4 41. Nd1 Bc2 42. Nc3 Ng6 43. Nd5+ Kc6 44. Bc3 Bd3 45. Ne3 Kd7 46. Kg4 Ke6 47. Kxg5 Nxe5 48. Nd5 f6+ 49. Nxf6 Nxc4 50. Nh5 Be4 1/2-1/2

[Event "RUS-ch sf Urals 60th"]
[Site "Nizhnij Tagil"]
[Date "2007.03.14"]
[Round "1"]
[White "Petrov, Yury"]
[Black "Sergeev, A."]
[Result "0-1"]
[WhiteElo "2105"]
[BlackElo "2333"]
[PlyCount "66"]
[EventDate "2007.03.14"]
[EventType "swiss"]
[EventRounds "9"]
[EventCountry "RUS"]
[SourceTitle "CBM 117 Extra"]
[Source "ChessBase"]
[SourceDate "2007.05.09"]
[SourceVersion "1"]
[SourceVersionDate "2007.05.09"]
[SourceQuality "1"]

1. d4 d5 2. Nf3 Nf6 3. Bf4 c5 4. c3 Qb6 5. Qb3 c4 6. Qxb6 axb6 7. Nbd2 b5 8. a3 Bf5 9. Nh4 Bd7 10. Nhf3 Nc6 11. Ne5 b4 12. Nxc6 bxc3 13. bxc3 Bxc6 14. e4 e6 15. Be2 Rxa3 16. Rxa3 Bxa3 17. e5 Nd7 18. 0-0 0-0 19. Nb1 Be7 20. Be3 Ba4 21. Bc1 Ra8 22. Ba3 Kf8 23. f4 Bc2 24. Bxe7+ Kxe7 25. Nd2 Ra2 26. Nf3 Nb6 27. Nh4 Na4 28. Bg4 g6 29. Bf3 Nxc3 30. g4 b5 31. f5 g5 32. Ng2 b4 33. Ne3 b3 0-1

[Event "Ymalo Nenetsky AO-ch"]
[Site "Salekhard"]
[Date "2007.01.20"]
[Round "5"]
[White "Sergeev, A."]
[Black "Potapov, Pavel"]
[Result "1-0"]
[WhiteElo "2333"]
[BlackElo "2380"]
[PlyCount "93"]
[EventDate "2007.01.17"]
[EventType "tourn"]
[EventRounds "9"]
[EventCountry "RUS"]
[EventCategory "1"]
[SourceTitle "EXT 2010"]
[Source "ChessBase"]
[SourceDate "2010.11.25"]
[SourceVersion "1"]
[SourceVersionDate "2010.11.25"]
[SourceQuality "1"]

1. d4 f5 2. Nf3 Nf6 3. c4 g6 4. b4 Bg7 5. Bb2 0-0 6. e3 c6 7. a4 Na6 8. Qb3 Nc7 9. Nc3 a5 10. c5+ Kh8 11. b5 d6 12. Bc4 Ne4 13. Rd1 d5 14. Be2 Be6 15. 0-0 Bg8 16. Qc2 Ne6 17. Ne1 Nxc3 18. Bxc3 f4 19. Nf3 Qc7 20. bxc6 bxc6 21. Rb1 g5 22. Nd2 Bf7 23. Rb6 Bg6 24. Bd3 Bxd3 25. Qxd3 g4 26. Rfb1 fxe3 27. fxe3 g3 28. h3 Ng5 29. Qe2 Bh6 30. Rb7 Qc8 31. Rxe7 Rf2 32. Qg4 Qf8 33. Qxg3 Rxg2+ 34. Kxg2 Qxe7 35. Rb8+ Rxb8 36. Qxb8+ Kg7 37. Qg3 Kh8 38. Bxa5 Ne4 39. Nxe4 Qxe4+ 40. Qf3 Qc2+ 41. Kg3 Qg6+ 42. Qg4 Qd3 43. Qc8+ Kg7 44. Qd7+ Kg8 45. Qe6+ Kg7 46. Bd8 Bxe3 47. Bf6+ 1-0

[Event "Polyarniy Krug op"]
[Site "Salekhard"]
[Date "2006.12.07"]
[Round "9"]
[White "Ovod, Evgenija"]
[Black "Sergeev, A."]
[Result "1-0"]
[WhiteElo "2407"]
[BlackElo "2333"]
[PlyCount "59"]
[EventDate "2006.11.29"]
[EventType "swiss"]
[EventRounds "9"]
[EventCountry "RUS"]
[SourceTitle "CBM 115 Extra"]
[Source "ChessBase"]
[SourceDate "2007.01.10"]
[SourceVersion "1"]
[SourceVersionDate "2007.01.10"]
[SourceQuality "1"]

1. d4 d5 2. c4 c6 3. Nf3 Nf6 4. Nc3 dxc4 5. a4 Bg4 6. Ne5 Bh5 7. Nxc4 e6 8. Bg5 Bb4 9. Qb3 a5 10. 0-0-0 0-0 11. f3 b5 12. Ne5 bxa4 13. Nxa4 c5 14. dxc5 Qc7 15. Nd3 Nbd7 16. Kb1 Rab8 17. Qc2 Rfc8 18. e4 Ne8 19. Rc1 f6 20. Be3 Bf7 21. c6 Qd6 22. Nxb4 Qxb4 23. Ba6 e5 24. Bxc8 Rxc8 25. Bd2 Qe7 26. Bxa5 Nb8 27. c7 Na6 28. Nb6 Rxc7 29. Qd2 Rb7 30. Rc6 1-0

[Event "Polyarniy Krug op"]
[Site "Salekhard"]
[Date "2006.12.05"]
[Round "7"]
[White "Turubanov, Egor"]
[Black "Sergeev, A."]
[Result "0-1"]
[WhiteElo "2032"]
[BlackElo "2333"]
[PlyCount "102"]
[EventDate "2006.11.29"]
[EventType "swiss"]
[EventRounds "9"]
[EventCountry "RUS"]
[SourceTitle "CBM 115 Extra"]
[Source "ChessBase"]
[SourceDate "2007.01.10"]
[SourceVersion "1"]
[SourceVersionDate "2007.01.10"]
[SourceQuality "1"]

1. e4 c5 2. Nf3 e6 3. d4 cxd4 4. Nxd4 Nf6 5. Nc3 Nc6 6. Nxc6 bxc6 7. e5 Nd5 8. Ne4 Qc7 9. f4 Qb6 10. Bd3 Ba6 11. Qe2 Bxd3 12. Qxd3 Rb8 13. a3 Be7 14. c4 f5 15. Nf2 Bc5 16. 0-0 Ne7 17. b4 Bd4 18. Ra2 Rb7 19. Kh1 c5 20. b5 g5 21. Qf3 Ng6 22. Nd3 0-0 23. Be3 gxf4 24. Bxf4 Rc7 25. Qg3 Qa5 26. Bh6 Rf7 27. h4 Kh8 28. h5 Ne7 29. Nc1 Qc3 30. Qxc3 Bxc3 31. Bf4 Nc8 32. Re2 Bd4 33. Nb3 Nb6 34. Rd1 Rf8 35. Nxd4 cxd4 36. Rxd4 Rfc8 37. Bg3 Kg7 38. Red2 Kh6 39. Bf2 Nxc4 40. Rxd7 Nxd2 41. Rxd2 Kxh5 42. Rd6 Re8 43. b6 Rc2 44. Bd4 axb6 45. Rxb6 Ra2 46. Bc5 Kg4 47. Kh2 f4 48. Rb3 Kf5 49. Bd6 Rg8 50. Rb7 Rgxg2+ 51. Kh1 f3 0-1

[Event "Polyarniy Krug op"]
[Site "Salekhard"]
[Date "2006.11.30"]
[Round "2"]
[White "Sergeev, A."]
[Black "Yakovich, Yuri"]
[Result "0-1"]
[WhiteElo "2333"]
[BlackElo "2576"]
[PlyCount "46"]
[EventDate "2006.11.29"]
[EventType "swiss"]
[EventRounds "9"]
[EventCountry "RUS"]
[SourceTitle "CBM 115 Extra"]
[Source "ChessBase"]
[SourceDate "2007.01.10"]
[SourceVersion "1"]
[SourceVersionDate "2007.01.10"]
[SourceQuality "1"]

1. c4 e5 2. Nf3 e4 3. Nd4 Nc6 4. Nxc6 dxc6 5. Nc3 Nf6 6. Qc2 Bf5 7. e3 Bd6 8. h3 Qe7 9. b3 0-0-0 10. Bb2 Nd7 11. 0-0-0 Nc5 12. Kb1 Bg6 13. b4 Nd3 14. Bxd3 exd3 15. Qa4 Bxb4 16. Qxa7 f6 17. Na4 Kd7 18. Qxb7 Rb8 19. Qa7 Ke6 20. Qa6 Kf7 21. Ka1 Ra8 22. Qxc6 Be4 23. Qb5 Ra5 0-1

[Event "Alushta Summer 3rd"]
[Site "Alushta"]
[Date "2006.06.19"]
[Round "4"]
[White "Sergeev, A."]
[Black "Rogovski, Vladimir"]
[Result "0-1"]
[WhiteElo "2379"]
[BlackElo "2476"]
[PlyCount "82"]
[EventDate "2006.06.16"]
[EventType "tourn"]
[EventRounds "9"]
[EventCountry "UKR"]
[EventCategory "8"]
[SourceTitle "CBM 112 Extra"]
[Source "ChessBase"]
[SourceDate "2006.07.14"]
[SourceVersion "1"]
[SourceVersionDate "2006.07.14"]
[SourceQuality "1"]

1. e4 c5 2. Nf3 e6 3. d4 cxd4 4. Nxd4 Nf6 5. Bd3 Nc6 6. Nxc6 dxc6 7. 0-0 e5 8. Nd2 Be7 9. Nc4 Qc7 10. Qf3 b5 11. Ne3 g6 12. a4 Rb8 13. axb5 cxb5 14. c4 a6 15. b3 0-0 16. Bb2 Rd8 17. Rfd1 Bb7 18. Nd5 Nxd5 19. exd5 bxc4 20. Bxc4 Qd6 21. Qe3 Bf6 22. Ba3 Qd7 23. Rac1 Qf5 24. Qf3 Qxf3 25. gxf3 Rd7 26. Bc5 Rbd8 27. Bb6 Rc8 28. Be3 Rd6 29. b4 Rd7 30. Kg2 Be7 31. Bh6 Bxb4 32. Bb3 Rxc1 33. Rxc1 Bf8 34. Bxf8 Kxf8 35. Rc5 Ke7 36. Ra5 Kd6 37. Bc4 Kc7 38. Ra1 Kb6 39. Kg3 a5 40. f4 exf4+ 41. Kxf4 Bxd5 0-1

[Event "Alushta Summer 3rd"]
[Site "Alushta"]
[Date "2006.06.17"]
[Round "2"]
[White "Sergeev, A."]
[Black "Akshayraj, Kore"]
[Result "0-1"]
[WhiteElo "2379"]
[BlackElo "2380"]
[PlyCount "88"]
[EventDate "2006.06.16"]
[EventType "tourn"]
[EventRounds "9"]
[EventCountry "UKR"]
[EventCategory "8"]
[SourceTitle "CBM 112 Extra"]
[Source "ChessBase"]
[SourceDate "2006.07.14"]
[SourceVersion "1"]
[SourceVersionDate "2006.07.14"]
[SourceQuality "1"]

1. d4 Nf6 2. Nf3 g6 3. g3 Bg7 4. Bg2 0-0 5. 0-0 d6 6. c4 Nbd7 7. Nc3 e5 8. e4 exd4 9. Nxd4 Re8 10. Re1 a6 11. Nc2 Ne5 12. Qe2 Bg4 13. f3 Be6 14. Ne3 c5 15. Qf1 Qa5 16. f4 Nc6 17. f5 Bd7 18. g4 h6 19. h4 g5 20. hxg5 hxg5 21. Bd2 Qd8 22. Bf3 Nd4 23. Rac1 Bc6 24. Ned5 Nd7 25. Bd1 b5 26. b3 b4 27. Nb1 Bxd5 28. cxd5 Bf6 29. Re3 Kg7 30. Be1 Be5 31. Rh3 Bf4 32. Nd2 Qf6 33. Rh5 Rh8 34. Rb1 Ne5 35. Nc4 Nxc4 36. Qxc4 Rxh5 37. gxh5 Re8 38. Bf2 Rxe4 39. Qxa6 Qxf5 40. Qa8 Be3 41. Rb2 Bxf2+ 42. Rxf2 Re1+ 43. Kg2 Qe4+ 44. Bf3 Nxf3 0-1